Normal view
MARC view
- Gastos públicos
Entry Materia
001 - NÚMERO DE CONTROL DEL REGISTRO
- campo de control: 11580
003 - IDENTIFICADOR DE NUMERO DE CONTROL
- campo de control: MX-MxUPN
005 - FECHA Y HORA DE LA ÚLTIMA TRANSACCIÓN
- campo de control: 20240923162950.0
008 - DATOS DE LONGITUD FIJA
- campo de control de longitud fija: 240923n| acnnnbabn | ana |d
035 ## - NÚMERO DE CONTROL DEL SISTEMA
- Número de control del sistema: UPN10000011587
040 ## - FUENTE DE LA CATALOGACIÓN
- Centro catalogador de origen: MX-MxUPN
- Lengua de catalogación: spa
- Agencia de transcripción: MX-MxUPN
150 ## - ENCABEZAMIENTO - TEMÁTICO
- Término de materia o nombre geográfico como elemento inicial: Gastos públicos
360 ## - REFERENCIA COMPLEJA DE VÉASE ADEMÁS - MATERIA
- Texto explicativo: Véase también
- Encabezamiento al que se remite: APROPIACIONES Y GASTOS
- Texto explicativo: bajo nombres de países, estados, etc. Ej.:
- Encabezamiento al que se remite: MEXICO - APROPIACIONES Y GASTOS
670 ## - FUENTE EN LA QUE SE LOCALIZARON DATOS
- Cita de la fuente: E
902 ## - CATALOGADOR
- Catalogador: BEC/260796
